| 000 | 00463nam a2200157Ia 4500 | ||
|---|---|---|---|
| 008 | 160316s2010 xxu||||| |||| 00| 0 eng d | ||
| 082 |
_a345.050000 _bSAN |
||
| 100 | _aSanders Andrew | ||
| 245 | _aCriminal justice | ||
| 250 | _a4th | ||
| 260 |
_aOxford _bOxford University Press _c2010 |
||
| 300 |
_a828p _b _cxxv |
||
| 365 | _b Rs. 2,174 | ||
| 650 | _a1. Criminal Justice Administration - U K 2. Criminal Procedure - U K | ||
| 700 |
_aYoung Richard _aBurton Mandy |
||
| 999 |
_c28267 _d28267 |
||